| 000 | 00654nam a2200205Ia 4500 | ||
|---|---|---|---|
| 001 | 14919 | ||
| 003 | GE_BSU | ||
| 008 | 181216s||||||||xx |||||||||||||| ||und|| | ||
| 040 | _cGE_BSU | ||
| 080 | _a51.(075.32) | ||
| 100 | _aБашмаков, М.И. | ||
| 245 | _aМатематика. | ||
| 245 | _bВ качестве экспериментального учебного пособия для средних профессионально-технических училищ. | ||
| 260 | _aМосква | ||
| 260 | _bВысшая школа. | ||
| 260 | _c1987 | ||
| 300 | _a463 стр. 22см. | ||
| 653 | _aМатематика. | ||
| 942 | _cBK | ||
| 999 |
_c48039 _d48039 |
||